Right Way To Play Chess (Record no. 294227)
[ view plain ]
| 000 -LEADER | |
|---|---|
| fixed length control field | 00410nam a2200157Ia 4500 |
| 008 - FIXED-LENGTH DATA ELEMENTS--GENERAL INFORMATION | |
| fixed length control field | 230718s9999 xx 000 0 und d |
| 041 ## - LANGUAGE CODE | |
| Language code of text/sound track or separate title | eng |
| 082 ## - DEWEY DECIMAL CLASSIFICATION NUMBER | |
| Classification number | 794.1 |
| Item number | PRI |
| 100 ## - MAIN ENTRY--PERSONAL NAME | |
| Personal name | Pritchard B.D. |
| 9 (RLIN) | 160750 |
| 245 ## - TITLE STATEMENT | |
| Title | Right Way To Play Chess |
| 260 ## - PUBLICATION, DISTRIBUTION, ETC. (IMPRINT) | |
| Date of publication, distribution, etc. | 1995 |
| Name of publisher, distributor, etc. | Jaico Publishing House |
| 300 ## - PHYSICAL DESCRIPTION | |
| Extent | 223 |
| 365 ## - TRADE PRICE | |
| Currency code | Rs. |
| Price amount | 75.00 |
| 700 ## - ADDED ENTRY--PERSONAL NAME | |
| Personal name | Pritchard B.D. |
| 9 (RLIN) | 160750 |
| 906 ## - LOCAL DATA ELEMENT F, LDF (RLIN) | |
| d | B:130504-Oct-1995 |
| c | OTH |
| b | 15 |
| Withdrawn status | Lost status | Damaged status | Not for loan | Home library | Current library | Date acquired | Vendor | Budget Code | Cost, normal purchase price | Bill number | Total Checkouts | Full call number | Barcode | Date last seen | Date last checked out | Discount | Cost, replacement price | Bill Date | Koha item type | Original Barcode |
|---|---|---|---|---|---|---|---|---|---|---|---|---|---|---|---|---|---|---|---|---|
| Cummins College of Engineering for Women Pune | Cummins College of Engineering for Women Pune | 12/10/1995 | Mehul Book Depot | OTH | 60.00 | 1305 | 2 | 794.1 | CCEP-BK-5432 | 04/04/2024 | 23/03/2024 | 15 | 75.00 | 04/10/1995 | Books | 005432 |